000 00392nam a2200145Ia 4500
008 211109s9999||||xx |||||||||||||| ||und||
082 _a820.09
_bTRA-S
100 _aTraill, H D
245 0 _aSterne
260 _bMac Millan and Co.
_aLondon
_c1950
300 _a180p.
630 _xGeneral Stack
650 _aEnglish Litertaure
_vCriticism , History of English Literature
_xEnglish
942 _cBOOK
999 _c93
_d93